1.FSV Mainz 05 Squad 2021-2022 - Statistics

General Stats
  • This quiz has been taken 34 times
  • The average score is 19 of 27
Answer Stats
# Position Nation Player % Correct
3 DF Spain Aarón Martín
96%
7 MF South Korea Jae-sung Lee
91%
4 DF Netherlands Jeremiah St. Juste
91%
9 FW Austria Karim Onisiwo
91%
27 GK Germany Robin Zentner
91%
1 GK Germany Finn Dahmen
87%
8 MF Luxembourg Leandro Barreiro
87%
18 DF Germany Daniel Brosinski
83%
16 DF Germany Stefan Bell
83%
6 MF Germany Anton Stach
78%
- Coach Denmark Bo Svensson
78%
29 FW Germany Jonathan Burkardt
78%
30 DF Switzerland Silvan Widmer
78%
28 FW Hungary Ádám Szalai
74%
42 DF Germany Alexander Hack
74%
31 MF Germany Dominik Kohr
74%
19 DF France Moussa Niakhaté
74%
5 MF Netherlands Jean-Paul Boëtius
70%
11 FW Denmark Marcus Ingvartsen
70%
37 FW Netherlands Delano Burgzorg
61%
23 DF Angola Anderson Lucoqui
48%
22 MF Austria Kevin Stöger
48%
25 MF Germany Niklas Tauer
48%
26 FW Germany Paul Nebel
43%
34 DF Austria David Nemeth
39%
32 GK Germany Lasse Rieß
39%
24 MF Germany Merveille Papela
26%
No matching quizzes found
Score Distribution
Percent of People with Each Score
Percentile by Number Answered
Your Score History
You have not taken this quiz